Geography Quiz

Random Geography or City Quiz

16 largest cities in the world Quiz Stats

Quiz not verified by Sporcle

Challenge
Share
Tweet
Embed
Score 0/16 Timer 02:00
0 Plays Today
City % Correct
Tokyo
96.7%
Mexico City
93.4%
New York City
91.8%
Los Angeles
88.5%
Shanghai
86.9%
Mumbai
85.2%
Beijing
83.6%
Delhi
78.7%
City % Correct
Rio de Janeiro
63.9%
Buenos Aires
59%
Manila
59%
Osaka-Kōbe-Kyōto
59%
Karachi
55.7%
Kolkata
50.8%
Dhaka
41%
São Paolo
19.7%

You're not logged in!

Compare scores with friends on all Sporcle quizzes.
Join for Free
OR
Log In

You Might Also Like...

Show Comments

Extras

Top Quizzes Today


Score Distribution

Your Account Isn't Verified!

In order to create a playlist on Sporcle, you need to verify the email address you used during registration. Go to your Sporcle Settings to finish the process.

Report this User

Report this user for behavior that violates our Community Guidelines.

Details: